00357 a2200109 4500001000900000005001700009008004100026245009800067100002200165773004300187999001700230ART_724420260410161623.0260409a 10aCostos, beneficios y riesgos de la simplificación del Proyecto 22 de Resolución Técnica1 aZgaib, Alfredo O.0 tEnfoquesg- Nº 12 (dic. 2011)wREV416 c11737d11737